| 000 | 00613nam a22002177a 4500 | ||
|---|---|---|---|
| 003 | OSt | ||
| 005 | 20140310182955.0 | ||
| 008 | 130207t xxu||||| |||| 00| 0 eng d | ||
| 020 | _a9712345234 | ||
| 050 |
_aHF 5636 _b.G34 2006 |
||
| 100 | _aGalanza-Monte, Raquel | ||
| 245 |
_aBookkeeping manual for merchandising companies : _ba procedural guide for the complete bookkeeping cycle / _cRaquel Monte-Galanza |
||
| 260 |
_aManila ; _bRex Book Store, _c2006. |
||
| 300 |
_a113 p. : _c23 cm. |
||
| 521 | _aBSA | ||
| 562 | _e3 | ||
| 942 |
_2lcc _cBK _kLOC |
||
| 999 |
_c17996 _d17996 |
||